01162nam a2200265Ia 450000100060000000300090000600800410001504000130005604000130006904100130008210000160009510000290011124500300014024500550017025000110022526000100023626000120024626000490025830000580030750004050036565000390077065000310080970000270084070000290086798195IT-RoPAU130308s9999 xx 000 0 und d aIT-RoPAU cIT-RoPAU aSPAGNOLO aKrech David gCodice Aut. SPICS: 33797 aPercepcion del mundo (La) bProceso Y Efectos de la comunicacion colectiva (1) a1a ed. aQUITO bCiespal c1964 [1° Ed.:1964 - Ed.Ling.Originale:1954] a"16 p. (prefazione: no ; testo: 16 [pagine: 90-105])" aPercezione del Mondo. Determinanti importanti della Percezione. Fattori Strutturali e Funzionali. Il Campo Percettivo e Conoscitivo al suo Stato Naturale è Organizzato e Ha un Significato. Perecezione Funzionalmente Selettiva. Dinamica del Comportamento. Percezione Visiva. Percezione delle caratteristiche Individuali e di Gruppo. Prossimità e Somiglianza. Percezione della Causa e dell'Effetto. aTEORIA DELLA COMUNICAZIONE SOCIALE eCodice materia Spics: 3802 aCrutchfield Richard S. gCodice Aut. SPICS: 33798